Aladdin and the Enchanted Lamp / (Record no. 2777)
[ view plain ]
| 000 -LEADER | |
|---|---|
| fixed length control field | 01516cam a2200337 a 4500 |
| 005 - DATE AND TIME OF LATEST TRANSACTION | |
| control field | 20240115103638.0 |
| 020 ## - INTERNATIONAL STANDARD BOOK NUMBER | |
| International Standard Book Number | 9780194789011 |
| 020 ## - INTERNATIONAL STANDARD BOOK NUMBER | |
| International Standard Book Number | 0194789012 |
| 040 ## - CATALOGING SOURCE | |
| Original cataloging agency | WSB |
| Transcribing agency | WSB |
| Modifying agency | BTCTA |
| -- | BAKER |
| -- | YDXCP |
| -- | CNCGM |
| -- | VP@ |
| -- | GO3 |
| -- | DLC |
| Language of cataloging | eng |
| 050 00 - LIBRARY OF CONGRESS CALL NUMBER | |
| Classification number | PE1126.A4 |
| Item number | D37 2008 |
| 082 ## - DEWEY DECIMAL CLASSIFICATION NUMBER | |
| Classification number | 428 |
| 100 1# - MAIN ENTRY--PERSONAL NAME | |
| Personal name | Dean, Judith |
| 245 00 - TITLE STATEMENT | |
| Title | Aladdin and the Enchanted Lamp / |
| Statement of responsibility, etc. | retold by Judith Dean ; illustrated by Thomas Sperling. |
| 250 ## - EDITION STATEMENT | |
| Edition statement | This edition Oxford University Press 2008 |
| 260 ## - PUBLICATION, DISTRIBUTION, ETC. | |
| Place of publication, distribution, etc. | Oxford : |
| Name of publisher, distributor, etc. | Oxford University Press, |
| Date of publication, distribution, etc. | 2008 |
| 300 ## - PHYSICAL DESCRIPTION | |
| Extent | 56 pages : |
| Other physical details | illustrations ; |
| Dimensions | 20 cm |
| 490 0# - SERIES STATEMENT | |
| Series statement | Oxford bookworms library. Stage 1 (400 headwords), Fantasy & horror |
| 505 ## - FORMATTED CONTENTS NOTE | |
| Formatted contents note | K |
| 520 ## - SUMMARY, ETC. | |
| Summary, etc. | In a city in Arabia there lives a boy called Aladdin. He is poor and often hungry, but one day he finds an old lamp. When he rubs the lamp, smoke comes out of it, and then out of the smoke comes a magical jinnee. With the jinnee's help, Aladdin is soon rich, with gold and jewels and many fine things. But can he win the love of the Sultan's daughter, the beautiful Princess Badr-al-Budur? |
| 521 ## - TARGET AUDIENCE NOTE | |
| Target audience note | 530 |
| Source | Lexile |
| 521 ## - TARGET AUDIENCE NOTE | |
| Target audience note | K |
| Source | Raz-Plus |
| 650 #0 - SUBJECT ADDED ENTRY--TOPICAL TERM | |
| Topical term or geographic name entry element | Readers (Adult) |
| 650 #0 - SUBJECT ADDED ENTRY--TOPICAL TERM | |
| Topical term or geographic name entry element | Reading comprehension |
| Form subdivision | Problems, exercises, etc. |
| 650 #0 - SUBJECT ADDED ENTRY--TOPICAL TERM | |
| Topical term or geographic name entry element | English language |
| Form subdivision | Textbooks for foreign speakers. |
| 650 #0 - SUBJECT ADDED ENTRY--TOPICAL TERM | |
| Topical term or geographic name entry element | Jinn |
| Form subdivision | Fiction. |
| 650 #0 - SUBJECT ADDED ENTRY--TOPICAL TERM | |
| Topical term or geographic name entry element | Lamps |
| Form subdivision | Fiction. |
| 700 1# - ADDED ENTRY--PERSONAL NAME | |
| Personal name | Sperling, Thomas |
| Dates associated with a name | 1952- |
| Relator term | illustrator |
| 906 ## - LOCAL DATA ELEMENT F, LDF (RLIN) | |
| a | 0 |
| b | ibc |
| c | copycat |
| d | 2 |
| e | ncip |
| f | 20 |
| g | y-gencatlg |
| 942 ## - ADDED ENTRY ELEMENTS (KOHA) | |
| Source of classification or shelving scheme | Dewey Decimal Classification |
| Koha item type | Books |
| Suppress in OPAC | No |
| 999 ## - | |
| -- | 2777 |
| -- | 2777 |
| Withdrawn status | Lost status | Source of classification or shelving scheme | Damaged status | Not for loan | Collection | Home library | Current library | Shelving location | Date acquired | Total Checkouts | Full call number | Barcode | Date last seen | Price effective from | Koha item type |
|---|---|---|---|---|---|---|---|---|---|---|---|---|---|---|---|
| Dewey Decimal Classification | Fiction | Footprints International School Library Network Toul Kork Campus | Footprints International School Library Network Toul Kork Campus | 01/15/2024 | DEA 428 PE1126.A4 | FIS00346 | 01/15/2024 | 01/15/2024 | Books |
